000 00567nam a2200205 a 4500
001 23778
003 CO-ViMGA
008 141112s2004 ck r 000 u spa d
020 _a9789583023767
040 _aCO-ViMGA
_bspa
_cCO-ViMGA
082 0 4 _aVAGy
100 1 _aVago, Maria
_948662
245 1 0 _aY llego aquel /
_cMaria Vago
260 _aColombia :
_bpanAméricana
300 _a28p.
650 1 4 _a2 : GATOS - CUENTOS INFANTILES
_934403
650 1 4 _a3 : HIJOS - CUENTOS INFANTILES
_934404
650 1 4 _aCUENTOS INFANTILES ITALIANOS
_94586
942 _2ddc
_cBK
999 _c31861
_d31861